000 00916nam a2200253Ia 4500
999 _c36242
_d36242
001 2145
003 GE_BSU
005 20221020141609.0
008 181216s1967ru xx |||||||||||||| ||rus||
040 _cGE_BSU
041 _arus
080 _a1.09 Ф-36
100 _aФейербах, Людвиг.
_915385
245 _aИстория философии.Собрание произведений в 3-х томах.
_bт. 2. /
_cЛюдвиг Фейербах, Под общ.ред. М.М. Григорьяна.
264 _aМосква :
_bМысль,
_c1967.
300 _a479 с. :
_b21см.
440 _aФилософское наследие
_915386
541 _h10 л.
653 _aИстория философии.
653 _aФилософия
653 _aფილოსოფია
700 _aГригорьяна, М.М.
_eრედაქტორი
_915387
942 _cBK
_2udc